Statistiques concernant Focus sur: Gerontius Touque - Tolkien

Cliquez ici pour prendre le quiz!

Statistiques générales

  • Ce quiz a été pris 7 fois
  • Le résultat moyen est 9 sur 23

Statistiques - réponses

Informations recherchéesRéponses% Correct
ContréeComté
100%
EspèceHobbit
100%
Première mentionLe Seigneur des Anneaux: La Communauté de l'Anneau
100%
Age durant lequel il vécutTroisième
100%
VilleBourg-de-Touque
71%
SurnomLe {Vieux} {Touque}
71%
Profession et titreThain du Comté
71%
FillesBelladonna Touque
43%
Autre traduction du nomTouc
43%
EpouseAdamanta Fouineur
29%
FilsIsengrim Touque
29%
Mirabella Touque
29%
Acteur l'interprétant dans les quizDan Hennah
14%
PèreFortinbras Ier
14%
Hildifons Touque
14%
Hildigard Touque
14%
Hildigrim Touque
14%
Isambard Touque
14%
Isengard Touque
14%
Isumbras Touque
14%
Donnamira Touque
0%
Hildibrand Touque
0%
Isembold Touque
0%

Distribution des résultats

Percentile par nombre de réponses

% des personnes avec chaque résultat

Votre développement - résultats

Vous n’avez pas pris ce quiz